00427nam a2200169Ia 4500008004100000020001800041245003400059245004800093260001500141260001600156260000900172300001500181300002500196300001000221500000700231999001900238170705s9999 xx 000 0 und d a9780590275989 aThere's a hole in my pocket / cby Akimi Gibson ; pictures by Jeni Bassett. aNew York : bScholastic, c1994 a16 pages : bcolor illustration ; c23cm. aBR c335302d335302